Bhutan, land of spirituality and modernization : (Record no. 2695)

MARC details
000 -LEADER
fixed length control field 00922cam a2200241 4500
001 - CONTROL NUMBER
control field 3333
005 - DATE AND TIME OF LATEST TRANSACTION
control field 20181127171030.0
008 - FIXED-LENGTH DATA ELEMENTS--GENERAL INFORMATION
fixed length control field 050727s2004 ii ab 000 0 eng
010 ## - LIBRARY OF CONGRESS CONTROL NUMBER
LC control number 2004312523
020 ## - INTERNATIONAL STANDARD BOOK NUMBER
International Standard Book Number 1932705430
043 ## - GEOGRAPHIC AREA CODE
Geographic area code a-bt---
100 1# - MAIN ENTRY--PERSONAL NAME
Personal name Zeurcher, Dieter,
Dates associated with a name 1958-
245 10 - TITLE STATEMENT
Title Bhutan, land of spirituality and modernization :
Remainder of title role of water in daily life /
Statement of responsibility, etc. Dieter Zurcher and Kunzang Choden.
260 ## - PUBLICATION, DISTRIBUTION, ETC.
Place of publication, distribution, etc. New Delhi ;
-- Chicago :
Name of publisher, distributor, etc. New Dawn Press, Inc. ;
Place of publication, distribution, etc. Phuentsholing, Bhutan :
Name of publisher, distributor, etc. KMT Press,
Date of publication, distribution, etc. 2003.
300 ## - PHYSICAL DESCRIPTION
Extent 159 p. :
Other physical details col. ill., maps ;
Dimensions 29 cm.
500 ## - GENERAL NOTE
General note CD Available to Accompany Text.
650 #0 - SUBJECT ADDED ENTRY--TOPICAL TERM
Topical term or geographic name entry element Drinking water
General subdivision Health aspects
Geographic subdivision Bhutan.
Topical term or geographic name entry element Water and civilization
Geographic subdivision Bhutan
Form subdivision Pictorial works.
Topical term or geographic name entry element Water consumption
Geographic subdivision Bhutan
Form subdivision Pictorial works.
Topical term or geographic name entry element Water use
Geographic subdivision Bhutan.
Topical term or geographic name entry element Water-supply
General subdivision Economic aspects
Geographic subdivision Bhutan.
700 0# - ADDED ENTRY--PERSONAL NAME
Personal name Kunzang Choden,
Dates associated with a name 1952-
Holdings
Withdrawn status Lost status Source of classification or shelving scheme Damaged status Not for loan Collection code Home library Current library Shelving location Date acquired Serial Enumeration / chronology Inventory number Total Checkouts Total Renewals Full call number Barcode Date last seen Date last checked out Price effective from Koha item type
    Dewey Decimal Classification     Main TEST RTC Library RTC Library Main opac 11/08/2023 5798 4 1 954.98 ZUR 30001424 24/08/2023 11/08/2023 27/11/2018 Main
    Dewey Decimal Classification     Desk RTC Library RTC Library Desk 18/03/2021       954.98 ZUR 30006738 27/11/2018   27/11/2018 Desk (DVD/CD)
Royal Thimphu College || All Right Reserved